000 00620nam a22002057a 4500
999 _c8868
_d8868
003 AR-CdUCM
008 190326b ||||| |||| 00| 0 spa d
040 _aMUNICIPALIDAD PROVINCIAL DEL CUSCO
_cBIBLIOTECA MUNICIPAL DEL CUSCO
082 _a869.56 /
_bR52
100 _aRibeyro, Julio Ramón
_9546
245 _aLos geniecillos dominicales /
260 _aLima :
_bOffset Santa Rosa,
300 _a185 paginas ;
_c17 cm.
505 _aContenido : Novela Peruana
650 _aNovela Peruana
_910636
650 _aLiteratura latinoamericana
_91143
650 _aSiglo XX
_98
942 _2ddc
_cLIBROS
945 _awnts